| 000 | 00921cam a22002775a 4500 | ||
|---|---|---|---|
| 001 | L140132 | ||
| 008 | 070905s2007 xxko f 000 0 eng d | ||
| 020 | _a9781860819858 | ||
| 035 | _a(Sirsi) u140132 | ||
| 041 | 0 | _aeng | |
| 050 | 0 | 4 | _a694.01 $2 18 |
| 100 | 1 | _aReynolds, Tim | |
| 245 | 0 | 0 |
_aExternal timber structures _bpreservative treatment and durability |
| 260 |
_aGarston _bIHS BRE _c2007 |
||
| 300 |
_a8p. _bill. _c30cm. |
||
| 490 | 0 |
_aBRE Digest _vDG 503 |
|
| 520 | _aOffers guidance on appropriate and enhanced specifications of timber preservatives, and outlines additional measures for extending the service life of timber. | ||
| 590 | _aKA | ||
| 651 | 4 |
_aUnited Kingdom _y |
|
| 690 | _aBUILT ENVIRONMENT-BUILDING MATERIALS-TIMBER | ||
| 700 | 1 | _aSuttie, Ed | |
| 700 | 1 | _aCoggins, Chris | |
| 710 | 2 | _aBuilding Research Establishment | |
| 710 | 2 |
_aWood Protection Association _95338 |
|
| 942 | _n0 | ||
| 999 |
_c107432 _d107432 |
||